[Event "Preferente"]
[Site ""]
[Date "????.??.??"]
[Round "5.15"]
[White "DE LA RIVA Eduardo"]
[Black "MOMBIELA José Luis"]
[Result "1-0"]
[WhiteElo "1933"]
[BlackElo "1976"]

1.e4 d5 2.exd5 Nf6 3.d4 Bg4 4.Nf3 Qxd5 5.Be2 Nc6 6.c4 Qd7 7.d5 Bxf3 8.Bxf3 Ne5
9.b3 e6 10.O-O O-O-O 11.Bb2 Nxf3+ 12.Qxf3 exd5 13.Nc3 Qg4 14.Qxg4+ Nxg4 15.
Nxd5 Bc5 16.b4 Bxf2+ 17.Rxf2 Nxf2 18.Kxf2 c6 19.Ne7+ Kb8 20.Bxg7 Rhe8 21.Bf6
Rd2+ 22.Kf3 Ka8 23.c5 Red8 24.Re1 R8d3+ 25.Ke4 Ra3 26.Bh4 Rxg2 27.Bg3 Raxa2
28.Kf5 Rge2 29.Rd1 Rad2 30.Rxd2 Rxd2 31.Kf6 Rb2 32.Kxf7 Rxb4 33.Ke6 Re4+ 34.
Kd7 h5 35.Ng6 a5 36.Nf8 a4 37.Bc7 a3 38.Ba5 Rc4 39.Ne6 a2 40.Kc8 Rxc5 41.Bb6
1-0

[Event "Preferente"]
[Site ""]
[Date "????.??.??"]
[Round "5.16"]
[White "GASPAR Luis Alberto"]
[Black "TORCAL Alfonso"]
[Result "1-0"]
[WhiteElo "1944"]
[BlackElo "1728"]

1.e4 c6 2.d4 d5 3.Nc3 dxe4 4.Nxe4 Nd7 5.Bc4 Ngf6 6.Ng5 e6 7.Qe2 Nb6 8.Bb3 Be7
9.N1f3 O-O 10.O-O h6 11.Ne4 Nbd5 12.c3 b6 13.Ne5 Qc7 14.Rd1 Bb7 15.c4 Nxe4 16.
Qxe4 Nf6 17.Qh4 Ne8 18.Qg3 f6 19.Ng6 Bd6 20.Qh3 Rf7 21.c5 Bf8 22.Bxe6 Bc8 23.
Bxf7+ Kxf7 24.Qh5 1-0

[Event "Preferente"]
[Site ""]
[Date "????.??.??"]
[Round "5.17"]
[White "TORCAL Óscar"]
[Black "MONTES Diego"]
[Result "1/2-1/2"]
[WhiteElo "1969"]
[BlackElo "1819"]

1.e4 e5 2.Nf3 Nc6 3.Bc4 Be7 4.Nc3 d6 5.h3 Nf6 6.d3 h6 7.O-O Be6 8.Re1 Bxc4 9.
dxc4 O-O 10.Nd5 Nxd5 11.cxd5 Nb8 12.Qd3 Qc8 13.c4 f5 14.Bd2 fxe4 15.Qxe4 Nd7
16.Qg4 Nf6 17.Qxc8 Raxc8 18.Bb4 Nd7 19.Nd2 Rce8 20.Ne4 Nf6 21.Bc3 Nxe4 22.Rxe4
Bf6 23.Rae1 b6 24.f4 Bh4 25.R1e2 Bg3 26.fxe5 Bxe5 27.Bxe5 Rxe5 28.Rxe5 dxe5
29.Rxe5 Rf4 30.b3 Kf7 31.g3 Rd4 32.Kf2 a5 33.Re1 Rd3 34.Re3 Rd2+ 35.Re2 Rd3
36.Kg2 Rc3 37.g4 a4 38.Re6 Rc2+ 39.Kf3 a3 40.Re2 Rb2 41.h4 Rb1 42.Ke4 Rg1 43.
Rf2+ Kg6 44.Kf4 Rb1 45.Kg3 Rb2 46.h5+ Kh7 47.Kf3 Kh8 48.Ke3 Kg8 49.Rd2 Kf7 50.
Kd3 Rb1 51.Rf2+ Ke7 52.Rg2 Kd6 53.Re2 Kd7 54.Kc3 Kd8 55.b4 Kd7 56.Rf2 Ke7 57.
Re2+ Kd7 58.Rg2 Kd8 59.c5 b5 60.Rd2 Rg1 61.Rd4 Rb1 62.d6 c6 63.Rf4 Rg1 64.Rf8+
Kd7 65.Rf7+ Kd8 66.Ra7 Rg3+ 67.Kc2 Rg2+ 68.Kc3 Rg3+ 69.Kd4 Rxg4+ 70.Ke5 Rxb4
71.d7 Rb2 72.Kd6 Rd2+ 73.Kxc6 Ke7 74.d8=Q+ Kxd8 75.Rxa3 b4 76.Ra7 Rf2 77.Kb6
Rf3 78.c6 b3 79.Ra8+ Ke7 80.axb3 Rxb3+ 81.Kc5 Rc3+ 82.Kd5 Rc1 83.Ra7+ Kd8 84.
Ra5 Rd1+ 85.Kc5 Rh1 86.Kd6 Rd1+ 87.Rd5 Rc1 88.Rd4 Rc2 89.Rf4 Rd2+ 90.Kc5 Rc2+
91.Rc4 Rh2 92.Kd6 Rd2+ 93.Ke6 Kc7 94.Kf7 Rg2 95.Rc3 Rg5 96.Rc1 Rxh5 97.Kxg7
Rd5 98.Kxh6 Rd6+ 99.Kg5 1/2-1/2

[Event "Preferente"]
[Site ""]
[Date "????.??.??"]
[Round "5.18"]
[White "SORIANO Manuel"]
[Black "LEBRÓN José María"]
[Result "0-1"]
[WhiteElo "1871"]
[BlackElo "1818"]

1.e4 e5 2.Nf3 Nc6 3.Bc4 Be7 4.d4 d6 5.d5 Nb8 6.Be3 f5 7.Nc3 Nf6 8.Qd3 fxe4 9.
Nxe4 Nxe4 10.Qxe4 O-O 11.Bd3 Bf5 12.Qc4 b5 13.Qxb5 e4 14.Nd4 exd3 15.Qb7 Nd7
16.Nc6 Qe8 17.O-O Ne5 18.Nxa7 Qg6 19.f4 Bh3 20.g3 Qe4 21.Rf2 Qxe3 0-1

[Event "Preferente"]
[Site ""]
[Date "????.??.??"]
[Round "5.19"]
[White "NAVARRO Jesús"]
[Black "URRIOLABEITIA Ander"]
[Result "1-0"]
[WhiteElo "1850"]
[BlackElo "1695"]

1.e4 c5 2.Nf3 g6 3.d4 cxd4 4.Nxd4 Bg7 5.Be3 Nc6 6.Qd2 Nf6 7.f3 O-O 8.Nc3 a6 9.
O-O-O Qc7 10.Nd5 Nxd5 11.exd5 Nxd4 12.Bxd4 b5 13.Bxg7 Kxg7 14.h4 h5 15.g4 Rh8
16.Qd4+ Kg8 17.Bd3 Bb7 18.Rhg1 Qd6 19.Be4 Rc8 20.Rg2 Qc5 21.Qd2 Qb6 22.Rdg1
Kf8 23.gxh5 gxh5 24.Qg5 e5 25.Qg7+ 1-0

[Event "Preferente"]
[Site ""]
[Date "????.??.??"]
[Round "5.20"]
[White "ÁLVAREZ Miguel Ángel"]
[Black "ROQUE Gisela"]
[Result "1-0"]
[WhiteElo "1907"]
[BlackElo "1901"]

1.c4 b6 2.Nc3 Bb7 3.e4 c5 4.g3 g6 5.Bg2 Bg7 6.Nge2 Nf6 7.O-O O-O 8.d4 cxd4 9.
Nxd4 Nc6 10.Be3 Ne5 11.b3 d6 12.h3 Ned7 13.Rc1 a6 14.e5 Bxg2 15.exf6 Bxf1 16.
fxg7 Kxg7 17.Qxf1 Nf6 18.f4 Qd7 19.Nf3 b5 20.Bd4 Kg8 21.c5 dxc5 22.Bxc5 Rfc8
23.b4 Nh5 24.Rd1 Qe6 25.Kh2 a5 26.Nd5 axb4 27.Nxe7+ Kh8 28.Nxc8 Rxa2+ 29.Rd2
Rxd2+ 30.Nxd2 Qxc8 31.Qxb5 Qe6 32.Qb8+ Kg7 33.Qe5+ Qxe5 34.fxe5 g5 35.Bxb4 Kg6
36.Bf8 f5 37.Nf3 f4 38.g4 Ng3 39.Be7 Ne4 40.Kg2 h5 41.Bb4 hxg4 42.hxg4 Kf7 43.
Nd2 Ng3 44.Kf3 Ke6 45.Bd6 Kd5 46.Bb8 1-0

[Event "Preferente"]
[Site ""]
[Date "????.??.??"]
[Round "6.1"]
[White "GINÉS Pedro Antonio"]
[Black "FABRE José María"]
[Result "1-0"]
[WhiteElo "2009"]
[BlackElo "2027"]

1.d4 Nf6 2.Nf3 d5 3.e3 Bf5 4.c4 e6 5.Nc3 c6 6.Nh4 Be4 7.f3 Bg6 8.Nxg6 hxg6 9.
Bd2 Bd6 10.Qb3 Bg3+ 11.hxg3 Rxh1 12.Qxb7 Nbd7 13.Qxc6 Rc8 14.Qd6 Rxc4 15.Nb5
Nb6 16.Bb4 Nfd7 17.b3 Qg5 18.Kd2 Nc8 19.bxc4 a5 20.Ba3 dxc4 21.Qc6 c3+ 22.Qxc3
Ndb6 23.Qc6+ Kd8 24.Qc7+ Ke8 25.Nd6+ Nxd6 26.Bxd6 1-0

[Event "Preferente"]
[Site ""]
[Date "????.??.??"]
[Round "6.2"]
[White "BAQUEDANO Pablo"]
[Black "PALOMAR Santiago"]
[Result "1-0"]
[WhiteElo "1911"]
[BlackElo "1957"]

1.d4 Nf6 2.c4 e5 3.dxe5 Ng4 4.Bf4 Nc6 5.Nf3 Bb4+ 6.Nbd2 Qe7 7.e3 Ngxe5 8.Nxe5
Nxe5 9.a3 Bxd2+ 10.Qxd2 a5 11.Qc3 f6 12.Be2 O-O 13.O-O b6 14.Rfc1 d6 15.b4
axb4 16.axb4 Bg4 17.Bf1 Nd7 18.Ra3 Bh5 19.Rca1 Qe4 20.Bd3 Qc6 21.Ra7 b5 22.Qc2
Bg6 23.Bxg6 hxg6 24.c5 g5 25.Qa2+ Kh7 26.Rxa8 gxf4 27.Rxf8 Nxf8 28.Qc2+ Kh6
29.exf4 Ne6 30.f5 Nf4 31.f3 Kg5 32.g3 Nd5 33.Qe4 Nxb4 34.Qg4+ Kh6 35.Qg6# 1-0

[Event "Preferente"]
[Site ""]
[Date "????.??.??"]
[Round "6.3"]
[White "ROQUE José Luis"]
[Black "ROMÓN Raúl"]
[Result "0-1"]
[WhiteElo "1988"]
[BlackElo "2362"]

1.e4 c5 2.Nf3 e6 3.d4 cxd4 4.Nxd4 a6 5.Nc3 b5 6.Be3 Bb7 7.Bd3 d6 8.O-O Nf6 9.
a3 Nbd7 10.f4 Be7 11.Qe2 Rc8 12.Rae1 Nb6 13.Bf2 Nc4 14.Nd1 h5 15.a4 d5 16.axb5
axb5 17.e5 Ng4 18.b3 Nxf2 19.Nxf2 Qb6 20.c3 Na5 21.Bxb5+ Kf8 22.Rc1 g6 23.Ba4
Ba6 24.Bb5 Bxb5 25.Nxb5 Kg7 26.Kh1 Rb8 27.Nd4 Nxb3 28.Nxb3 Qxb3 29.c4 d4 30.
Rfd1 Rhd8 31.Qd3 Qa2 32.Rc2 Qa4 33.c5 Rb3 34.Qf1 Rc3 35.Rcd2 Rxc5 36.h3 Rc2
37.Qd3 Rxd2 38.Rxd2 Qa1+ 39.Kh2 Qc3 40.Ne4 Qxd3 41.Rxd3 h4 42.Kg1 g5 43.Kf2
Kg6 44.Kf3 Kf5 45.g4+ hxg3 46.Nxg3+ Kg6 47.fxg5 Bxg5 48.Ke4 Rh8 49.Kxd4 Rd8+
50.Ke4 Rxd3 51.Kxd3 Bf4 52.Ne2 Bxe5 53.Ke4 f6 54.Nc1 Kg5 55.Nd3 Bd6 56.Ne1 f5+
57.Kf3 e5 58.Nc2 e4+ 59.Ke2 Bc5 60.Kf1 f4 61.Kg2 f3+ 62.Kg3 Bd6+ 63.Kf2 Kf4
64.h4 Bc5+ 65.Kf1 Kg4 66.Na1 Kxh4 67.Nb3 Be3 68.Na5 Bd2 69.Nb3 Bc3 70.Nc5 e3
71.Nd3 Kg3 72.Nc1 Bd2 0-1

[Event "Preferente"]
[Site ""]
[Date "????.??.??"]
[Round "6.4"]
[White "MUÑOZ Luis Alberto"]
[Black "ROCHE Manuel Ángel"]
[Result "0-1"]
[WhiteElo "1951"]
[BlackElo "2134"]

1.d4 d5 2.c4 e6 3.Nc3 Nf6 4.Bg5 Be7 5.e3 h6 6.Bh4 O-O 7.Nf3 b6 8.cxd5 Nxd5 9.
Bxe7 Qxe7 10.Rc1 Bb7 11.Bd3 Rc8 12.O-O c5 13.Nxd5 Bxd5 14.Re1 Nd7 15.Ba6 Rc7
16.e4 Bb7 17.Bxb7 Rxb7 18.dxc5 bxc5 19.b3 a5 20.Qc2 a4 21.Re3 axb3 22.Rxb3
Rxb3 23.Qxb3 Qd6 24.h3 Qc6 25.Qc4 Ra4 26.Qb3 Rxe4 27.a3 g5 28.Nd2 Rd4 29.Nf3
Rf4 30.Qc3 Qd5 31.Rc2 Qd1+ 32.Kh2 Qd6 33.Kg1 e5 34.Rd2 Qe6 35.Qd3 e4 36.Qxd7
Qxd7 37.Rxd7 exf3 38.Rc7 fxg2 39.Kxg2 Ra4 40.Rxc5 Rxa3 41.Rc7 Kg7 42.Rb7 Kg6
43.Rc7 h5 44.Rb7 h4 45.Rc7 Ra2 46.Rb7 f5 47.Rb6+ Kh5 48.Rb5 f4 49.Rb6 Ra3 50.
f3 Ra2+ 51.Kg1 Ra7 52.Kg2 Rg7 53.Ra6 Rg6 54.Ra5 Re6 55.Kf2 Kg6 56.Rb5 Kf6 57.
Ra5 Re5 58.Ra6+ Kf5 59.Rb6 Rc5 60.Ra6 Ke5 61.Ra8 Rc2+ 62.Kg1 Kd4 63.Re8 Kd3
64.Re5 Re2 65.Rxg5 Ke3 66.Rg4 Kxf3 67.Rxh4 Re1+ 68.Kh2 Ke3 69.Rh8 f3 70.Re8+
Kf2 71.Rf8 Re6 72.Rf7 Ke2 73.Kg3 Rg6+ 74.Kh4 f2 75.Re7+ Kf3 76.Rf7+ Kg2 77.Kh5
Rg3 78.Rxf2+ Kxf2 79.h4 Kf3 80.Kh6 Kf4 81.h5 Kf5 0-1

[Event "Preferente"]
[Site ""]
[Date "????.??.??"]
[Round "6.5"]
[White "ECHARTE Óscar"]
[Black "DAN Teodor"]
[Result "1-0"]
[WhiteElo "2131"]
[BlackElo "1945"]

1.c4 d6 2.Nc3 Nf6 3.g3 g6 4.Bg2 Bg7 5.e4 O-O 6.Nge2 e5 7.d4 Nc6 8.d5 Ne7 9.h3
Nd7 10.Be3 h6 11.Qd2 Kh7 12.O-O f5 13.Rac1 g5 14.f4 gxf4 15.gxf4 exf4 16.Nxf4
Ne5 17.b3 fxe4 18.Bxe4+ N7g6 19.Nxg6 Nxg6 20.Qg2 Rxf1+ 21.Rxf1 Qe8 22.Bd2 Bd7
23.Rf3 Be5 24.h4 Bxc3 25.Bxc3 1-0

[Event "Preferente"]
[Site ""]
[Date "????.??.??"]
[Round "6.6"]
[White "PALACIOS Pablo"]
[Black "CIRERA Alberto"]
[Result "1-0"]
[WhiteElo "2021"]
[BlackElo "1817"]

1.e4 c5 2.Nf3 d6 3.d4 cxd4 4.Nxd4 Nf6 5.Nc3 a6 6.Be2 e5 7.Nb3 Be7 8.O-O O-O 9.
f4 Be6 10.f5 Bd7 11.Be3 Bc6 12.Bf3 Nbd7 13.Kh1 Nb6 14.Na5 d5 15.Nxc6 bxc6 16.
exd5 Nbxd5 17.Qe1 Rb8 18.b3 Bb4 19.Bd2 Re8 {Abandona} 1-0

[Event "Preferente"]
[Site ""]
[Date "????.??.??"]
[Round "6.7"]
[White "SANCHO Jesús"]
[Black "GOÑI Pablo"]
[Result "0-1"]
[WhiteElo "1978"]
[BlackElo "2008"]

1.Nf3 c5 2.c4 g6 3.d4 cxd4 4.Nxd4 Bg7 5.e4 Nc6 6.Be3 d6 7.Nc3 Nf6 8.Be2 O-O 9.
O-O Nxd4 10.Bxd4 Bd7 11.Rc1 Bc6 12.f3 Nd7 13.Be3 a5 14.b3 Nc5 15.Qc2 e6 16.
Rfd1 Qe7 17.Rd2 Be5 18.f4 Bxc3 19.Qxc3 Nxe4 20.Qd4 Nxd2 21.Bxd2 e5 22.Qe3 f5
23.Bc3 Rfe8 24.c5 exf4 25.Qd4 Qe3+ 26.Qxe3 Rxe3 27.Kf2 Rae8 28.Bf1 f3 29.g3
Re2+ 30.Bxe2 Rxe2+ 31.Kg1 f2+ 32.Kf1 Bb5 33.Kg2 f1=Q+ 34.Kxf1 Rc2+ 35.Ke1
Rxc1+ 36.Kd2 Rxc3 0-1

[Event "Preferente"]
[Site ""]
[Date "????.??.??"]
[Round "6.8"]
[White "ARJOL Daniel"]
[Black "GASPAR Luis Alberto"]
[Result "0-1"]
[WhiteElo "1878"]
[BlackElo "1944"]

1.c4 e5 2.g3 Nc6 3.Bg2 f5 4.Nc3 Nf6 5.d3 Bb4 6.Bd2 O-O 7.Nf3 d6 8.O-O Bxc3 9.
Bxc3 Qe8 10.e3 f4 11.exf4 exf4 12.Re1 Qh5 13.Bxf6 Rxf6 14.Nh4 Bg4 15.f3 Bd7
16.Bf1 g5 17.Ng2 Rh6 18.gxf4 Qxh2+ 19.Kf2 gxf4 20.Re4 Rf8 21.Qd2 Qg3+ 22.Ke2
Rh2 23.Re1 Bh3 24.Kd1 Bxg2 25.Bxg2 Rxg2 26.Qc3 Rg1 0-1

[Event "Preferente"]
[Site ""]
[Date "????.??.??"]
[Round "6.9"]
[White "ROMERO Daniel"]
[Black "BROSA Jesús"]
[Result "1-0"]
[WhiteElo "2052"]
[BlackElo "1977"]

1.e4 d6 2.d4 g6 3.Nc3 Bg7 4.Be3 Nf6 5.f3 O-O 6.Qd2 c6 7.O-O-O a5 8.g4 h5 9.
gxh5 Nxh5 10.Nge2 Nd7 11.Ng3 Ndf6 12.Be2 b5 13.Nxh5 Nxh5 14.f4 b4 15.Nb1 Nf6
16.Bf3 d5 17.e5 Ne4 18.Qg2 Bf5 19.h4 Qd7 20.h5 Rfb8 21.Rdg1 a4 22.hxg6 fxg6
23.Bh5 Qe6 24.Bxg6 Bxg6 25.Qxg6 Qxg6 26.Rxg6 Kf7 27.f5 Rh8 28.e6+ 1-0

[Event "Preferente"]
[Site ""]
[Date "????.??.??"]
[Round "6.10"]
[White "GINÉS Pedro"]
[Black "ANTOÑANO Avelino"]
[Result "1/2-1/2"]
[WhiteElo "2040"]
[BlackElo "1970"]

1.Nf3 e6 2.g3 f5 3.Bg2 Nf6 4.c4 d5 5.d4 c6 6.O-O Bd6 7.c5 Bc7 8.Bf4 Bxf4 9.
gxf4 b6 10.b4 a5 11.Qa4 b5 12.Qb3 axb4 13.Qxb4 Ra4 14.Qb2 Ne4 15.Ne5 Qa5 16.
Bxe4 fxe4 17.e3 Ba6 18.Qe2 O-O 19.Qg4 Rf6 20.Kh1 Rxa2 21.Rg1 g6 22.Rxa2 Qxa2
23.Qh4 Kg7 24.Ng4 Rf7 25.Qh6+ Kg8 26.Qg5 Nd7 27.Nh6+ Kg7 28.Nxf7 Kxf7 29.Qd8
Nf6 30.Qc7+ Kf8 31.Qd6+ Kf7 32.f5 exf5 33.Qc7+ Kg8 34.Qxc6 Qxf2 35.Qe6+ Kg7
36.Qe7+ Kh6 37.Qf8+ Kh5 38.h3 Qxe3 39.Rg2 Qc1+ 40.Rg1 Qe3 1/2-1/2

[Event "Preferente"]
[Site ""]
[Date "????.??.??"]
[Round "6.11"]
[White "CHUECA Javier"]
[Black "DE LA RIVA Eduardo"]
[Result "1-0"]
[WhiteElo "2029"]
[BlackElo "1933"]

1.c4 c5 2.g3 g6 3.Bg2 Bg7 4.Nf3 Nc6 5.O-O Nf6 6.d4 cxd4 7.Nxd4 O-O 8.Nc3 a6 9.
Rb1 Rb8 10.Bf4 d6 11.Bxc6 e5 12.Bg2 exf4 13.Qd3 fxg3 14.fxg3 Nd7 15.Nd5 Ne5
16.Qc2 Bd7 17.b3 Rc8 18.Qd2 Nc6 19.Nf3 Be6 20.Ng5 Bxd5 21.Bxd5 Ne5 22.Qf4 Qb6+
23.Kg2 Rc7 24.h4 h6 25.Ne4 Kh8 26.Nf6 Re7 27.h5 gxh5 28.Nxh5 Ng6 29.Qg4 Qe3
30.Rbe1 Qg5 31.Qh3 Bc3 32.Rf5 Qe3 33.Nf4 Nxf4+ 34.Rxf4 Qe5 35.Qxh6+ 1-0

[Event "Preferente"]
[Site ""]
[Date "????.??.??"]
[Round "6.12"]
[White "CIRIANO Alejandro"]
[Black "SOLERA Roberto"]
[Result "1/2-1/2"]
[WhiteElo "1990"]
[BlackElo "1919"]

1.d4 Nf6 2.c4 e5 3.dxe5 Ng4 4.Bf4 Nc6 5.Nf3 Bb4+ 6.Nbd2 Qe7 7.e3 Ngxe5 8.Nxe5
Nxe5 9.a3 Bd6 10.Ne4 Nxc4 11.Nxd6+ Nxd6 12.Bxd6 cxd6 13.Qd5 Qe5 14.O-O-O Qxd5
15.Rxd5 b6 16.Rxd6 Ke7 17.Rd4 Bb7 18.Bb5 Rac8+ 19.Kb1 Bc6 20.Be2 g6 21.Rhd1
Rhd8 22.g3 Bb7 23.h4 Rc5 24.b4 Re5 25.Kb2 h5 26.Rc1 Bc6 27.Kb3 a5 28.a4 axb4
29.Rxb4 Ra8 30.Ra1 Rea5 31.Ra3 Rd5 32.Kc2 Rc5+ 33.Kb2 Rd5 1/2-1/2

[Event "Preferente"]
[Site ""]
[Date "????.??.??"]
[Round "6.13"]
[White "LACRUZ Álvaro"]
[Black "SÁNCHEZ Roberto"]
[Result "1/2-1/2"]
[WhiteElo "1959"]
[BlackElo "2030"]

1.e4 c5 2.Nf3 Nc6 3.Bb5 Nf6 4.e5 Nd5 5.O-O a6 6.Bxc6 dxc6 7.c4 Nc7 8.h3 Ne6 9.
Nc3 Nd4 10.Ne4 Bf5 11.Re1 e6 12.d3 h6 13.b3 Nxf3+ 14.Qxf3 Qd4 15.Bf4 O-O-O 16.
Rad1 Be7 17.Ng3 Bg6 18.Ne2 Qd7 19.Nc3 Qc7 20.Na4 Rd7 21.Re2 Rhd8 22.Red2 Kb8
23.Qe3 Rd4 24.Nc3 Rxf4 25.Qxf4 Bg5 26.Qg3 Bxd2 27.Rxd2 Qa5 28.Nb1 Rd7 29.Qe3
Qd8 30.Qxc5 Rxd3 31.Rxd3 Qxd3 32.Na3 Qd2 1/2-1/2

[Event "Preferente"]
[Site ""]
[Date "????.??.??"]
[Round "6.14"]
[White "MONTES Diego"]
[Black "LÓPEZ Fernando"]
[Result "1/2-1/2"]
[WhiteElo "1819"]
[BlackElo "2020"]

1.e4 c6 2.d4 d5 3.exd5 cxd5 4.c4 Nf6 5.Nc3 e6 6.Bf4 Bd6 7.Bg5 Be7 8.c5 O-O 9.
Nf3 Nc6 10.a3 Ne4 11.Bf4 Nxc3 12.bxc3 f6 13.Bd3 e5 14.dxe5 fxe5 15.Bxe5 Rxf3
16.Qxf3 Nxe5 17.Bxh7+ Kxh7 18.Qh5+ Kg8 19.Qxe5 Bf6 20.Qe3 Qe7 21.Qxe7 Bxe7 22.
Rb1 Bxc5 23.Rb5 b6 1/2-1/2

[Event "Preferente"]
[Site ""]
[Date "????.??.??"]
[Round "6.15"]
[White "JIMÉNEZ Alejandro"]
[Black "NAVARRO Jesús"]
[Result "1/2-1/2"]
[WhiteElo "2015"]
[BlackElo "1850"]

1.d4 Nf6 2.Nf3 d5 3.c4 e6 4.Nc3 Be7 5.Bf4 a6 6.cxd5 exd5 7.Qc2 O-O 8.e3 c5 9.
dxc5 Qa5 10.Nd4 Qxc5 11.Nf5 Bxf5 12.Qxf5 d4 13.Qxc5 Bxc5 14.exd4 Re8+ 15.Kd2
Bxd4 16.f3 Nc6 17.Rd1 Rad8 18.Kc2 Be5 19.Rxd8 Rxd8 20.Bxe5 Nxe5 21.Be2 Kf8 22.
Re1 Nc6 23.Bc4 b5 24.Bf1 Nd4+ 25.Kb1 Re8 26.Rd1 Nf5 27.Bd3 Ne3 28.Rd2 Rd8 29.
g3 Nc4 30.Rd1 Ne3 31.Rd2 Nc4 32.Rd1 Ne3 33.Rd2 1/2-1/2

[Event "Preferente"]
[Site ""]
[Date "????.??.??"]
[Round "6.16"]
[White "LEBRÓN José María"]
[Black "GUTIÉRREZ José Antonio"]
[Result "0-1"]
[WhiteElo "1818"]
[BlackElo "1983"]

1.e4 Nf6 2.e5 Nd5 3.d4 d6 4.c4 Nb6 5.exd6 cxd6 6.Nc3 g6 7.Be3 Bg7 8.Rc1 O-O 9.
b3 Nc6 10.Be2 f5 11.d5 Ne5 12.f4 Ng4 13.Bxg4 fxg4 14.Nge2 e5 15.O-O Bf5 16.a4
Qe7 17.Qd2 Nd7 18.Ng3 b6 19.Nxf5 gxf5 20.fxe5 Nxe5 21.Ne2 Ng6 22.Nf4 Be5 23.
Qf2 Rae8 24.Rce1 Qg7 25.Ne6 Rxe6 26.dxe6 f4 27.Qe2 fxe3 28.Kh1 Qh6 29.Rxf8+
Kxf8 30.Qf1+ Qf4 31.Qxf4+ Bxf4 32.g3 Bg5 33.Kg2 Ne5 34.h4 Bh6 35.Kf1 Nf3 36.
Ke2 Nd4+ 37.Kd3 Nxe6 38.b4 Ke7 39.a5 bxa5 40.bxa5 Nc5+ 41.Ke2 Ne4 42.Kd3 Nxg3
0-1

[Event "Preferente"]
[Site ""]
[Date "????.??.??"]
[Round "6.17"]
[White "MOMBIELA José Luis"]
[Black "SARTO Ángel"]
[Result "1/2-1/2"]
[WhiteElo "1976"]
[BlackElo "1942"]

1.d4 d5 2.Nf3 Nf6 3.e3 Bf5 4.Bd3 Bxd3 5.Qxd3 c6 6.O-O e6 7.c4 Nbd7 8.Nc3 Bd6
9.b3 Qe7 10.Bb2 Ba3 11.Bxa3 Qxa3 12.e4 dxe4 13.Nxe4 Nxe4 14.Qxe4 Nf6 15.Qe2
Qd6 1/2-1/2

[Event "Preferente"]
[Site ""]
[Date "????.??.??"]
[Round "6.18"]
[White "SERRAT David"]
[Black "TORCAL Óscar"]
[Result "0-1"]
[WhiteElo "1820"]
[BlackElo "1969"]

1.e4 c5 2.c3 d5 3.exd5 Qxd5 4.d4 Nf6 5.Nf3 Nc6 6.Be2 Bf5 7.dxc5 Qxd1+ 8.Bxd1
e6 9.b4 Nd5 10.Bd2 Be7 11.Na3 a5 12.b5 Nb8 13.Nc2 Bxc5 14.Ncd4 Bd3 15.Ne5 Bg6
16.O-O Bd6 17.Nxg6 hxg6 18.g3 Nd7 19.f4 Nc5 20.Bc2 O-O 21.Nb3 Rfc8 22.Rac1 a4
23.Nxc5 Bxc5+ 24.Kh1 Be3 25.Bxe3 Nxe3 26.Be4 Nxf1 27.Bxb7 Ne3 28.c4 Rab8 29.
Bxc8 Rxc8 30.b6 Nf5 31.c5 Ne7 32.Rc4 a3 33.Kg2 f6 34.Kf3 Kf7 35.c6 Rxc6 36.b7
Rb6 37.Rc7 Rb4 38.Ke3 g5 39.Kd3 gxf4 40.gxf4 f5 41.Kc3 Rb2 42.Kd4 Kf6 43.Kc5
Rb1 44.Kd6 Rd1+ 45.Kc5 Rb1 46.Kd6 Rb6+ 47.Kc5 Nd5 48.Rd7 Rb2 49.Kd6 Rb6+ 50.
Kc5 Rb2 51.Kd6 Nxf4 52.Kc7 Nd5+ 53.Kb8 f4 54.Ka7 f3 55.Rd8 Ke7 56.b8=Q Rxb8
57.Rxb8 f2 58.Rb1 Ne3 0-1

[Event "Preferente"]
[Site ""]
[Date "????.??.??"]
[Round "6.19"]
[White "TORCAL Alfonso"]
[Black "MARTÍN Roberto"]
[Result "1/2-1/2"]
[WhiteElo "1728"]
[BlackElo "1967"]

1.d4 Nf6 2.Nf3 g6 3.Bf4 Bg7 4.e3 O-O 5.Be2 d6 6.O-O Nbd7 7.Nbd2 c5 8.c3 b6 9.
h3 Bb7 10.Nh2 Qc7 11.Bf3 Rac8 12.Bxb7 Qxb7 13.Qf3 Rc7 14.Qxb7 Rxb7 15.Nhf3 Rc8
16.Rfe1 b5 17.Rac1 Nb6 18.e4 Nh5 19.Bh2 cxd4 20.Nxd4 Na4 21.g4 Bh6 22.Rc2 Nf4
23.Bxf4 Bxf4 24.Ne2 Be5 25.Nf3 Bg7 26.Ned4 a6 27.e5 dxe5 28.Nxe5 Bxe5 29.Rxe5
Rd7 30.Rce2 e6 31.f4 Nb6 32.f5 exf5 33.gxf5 Nc4 34.R5e4 Nd6 35.Re5 Nc4 36.R5e4
Nd6 1/2-1/2